|
|
|
|
| LEADER |
01329nam a2200193Ia 4500 |
| 001 |
69558 |
| 008 |
170722s9999 xx 000 0 und d |
| 100 |
|
|
|a Eliot, Charles
|
| 245 |
|
|
|a Hinduism and Budhism
|b An historical sketch /
|
| 260 |
|
|
|c 1954.
|
| 300 |
|
|
|a 3v
|
| 942 |
|
|
|c GEN
|
| 999 |
|
|
|c 44823
|d 44823
|
| 952 |
|
|
|0 0
|1 0
|4 0
|6 Q_2V_F1_1F1_11F1_2F1_21F1_3F1_31
|7 0
|8 CR
|9 62095
|a LIB
|b LIB
|d 2017-08-12
|h CR
|o Q2v F1.1,F1.1;1,F1.2,F1.2;1,F1.3,F1.3;1
|p 48552
|r 2017-08-12
|w 2017-08-12
|y GEN
|
| 952 |
|
|
|0 0
|1 0
|4 0
|6 Q_2V_F1_1F1_11F1_2F1_21F1_3F1_31
|7 0
|8 CR
|9 62096
|a LIB
|b LIB
|d 2017-08-12
|h CR
|o Q2v F1.1,F1.1;1,F1.2,F1.2;1,F1.3,F1.3;1
|p 48553
|r 2017-08-12
|w 2017-08-12
|y GEN
|
| 952 |
|
|
|0 0
|1 0
|4 0
|6 Q_2V_F1_1F1_11F1_2F1_21F1_3F1_31
|7 0
|8 CR
|9 62097
|a LIB
|b LIB
|d 2017-08-12
|h CR
|o Q2v F1.1,F1.1;1,F1.2,F1.2;1,F1.3,F1.3;1
|p 48554
|r 2017-08-12
|w 2017-08-12
|y GEN
|
| 952 |
|
|
|0 0
|1 0
|4 0
|6 Q_2V_F1_1F1_11F1_2F1_21F1_3F1_31
|7 0
|8 CR
|9 62098
|a LIB
|b LIB
|d 2017-08-12
|h CR
|o Q2v F1.1,F1.1;1,F1.2,F1.2;1,F1.3,F1.3;1
|p 64599
|r 2017-08-12
|w 2017-08-12
|y GEN
|
| 952 |
|
|
|0 0
|1 0
|4 0
|6 Q_2V_F1_1F1_11F1_2F1_21F1_3F1_31
|7 0
|8 CR
|9 62099
|a LIB
|b LIB
|d 2017-08-12
|h CR
|o Q2v F1.1,F1.1;1,F1.2,F1.2;1,F1.3,F1.3;1
|p 64600
|r 2017-08-12
|w 2017-08-12
|y GEN
|
| 952 |
|
|
|0 0
|1 0
|4 0
|6 Q_2V_F1_1F1_11F1_2F1_21F1_3F1_31
|7 0
|8 CR
|9 62100
|a LIB
|b LIB
|d 2017-08-12
|h CR
|o Q2v F1.1,F1.1;1,F1.2,F1.2;1,F1.3,F1.3;1
|p 64601
|r 2017-08-12
|w 2017-08-12
|y GEN
|